Statistics for Sonic Charaters.

Click here to take the quiz!

General Stats

  • This quiz has been taken 1,282 times
  • The average score is 12 of 14

Answer Stats

HintAnswer% Correct
World' Fastest Hedgehog.Sonic the Hedgehog
100%
8 year old Fox with two tails.Miles 'Tails' Prower
99%
A Mad Scientist and the Main Antagonist of the Series.Doctor Ivo Robotinik
98%
A 16 year old Red Echidna.Knuckles the Echidna
98%
A Pink, Female Hedgehog who is obsessed with the Series' Protagonist.Amy Rose
97%
An Artificially-Created life form, and Rival of the Series' Protagonist.Shadow the Hedgehog
94%
A Silver-Furred Hedgehog from 200 years in the Future of the Main Timeline.Silver the Hedgehog
92%
A White, Female bat who is Depicted as a Professional Treasure Hunter.Rouge the Bat
88%
A Peach coloured Rabbit Constantly Accompanied by her Chao, Cheese.Cream the Rabbit
87%
An Evil Robotic Version of the Protagonist Created by the Antagonist.Metal Sonic
85%
A Large, Purple Cat with yellow eyes and long ears, His Best Friend is Froggy.Big the Cat
83%
A Purple Cat Princess from an Alternate Dimension.Blaze the Cat
82%
A Chao mutated by the Chaos Emeralds that acts as a Guardian for its Species, Protects the Master Emerald.Chaos
70%
A Tan Echidna, and Daughter of Chief Pachacamac.Tikal the Echidna
59%

Score Distribution

Percentile by Number Answered

Percent of People with Each Score

Your Score History

You have not taken this quiz